<?xml version="1.0" encoding="UTF-8"?>
<record
    xmlns:xsi="http://www.w3.org/2001/XMLSchema-instance"
    xsi:schemaLocation="http://www.loc.gov/MARC21/slim http://www.loc.gov/standards/marcxml/schema/MARC21slim.xsd"
    xmlns="http://www.loc.gov/MARC21/slim">

  <leader>00828nam a22002177a 4500</leader>
  <controlfield tag="008">240606b        mp ||||| |||| 00| 0 mon d</controlfield>
  <datafield tag="035" ind1=" " ind2=" ">
    <subfield code="a">21164</subfield>
  </datafield>
  <datafield tag="040" ind1=" " ind2=" ">
    <subfield code="a">BUL0163080</subfield>
    <subfield code="b">mon</subfield>
    <subfield code="c">MN-UlNLM</subfield>
    <subfield code="d">MN-UlNLM</subfield>
    <subfield code="e">rda</subfield>
  </datafield>
  <datafield tag="041" ind1=" " ind2=" ">
    <subfield code="a">mon</subfield>
  </datafield>
  <datafield tag="042" ind1=" " ind2=" ">
    <subfield code="a">37563</subfield>
  </datafield>
  <datafield tag="084" ind1=" " ind2=" ">
    <subfield code="2">NNA</subfield>
    <subfield code="a">84.0</subfield>
    <subfield code="b">&#x41A; 79</subfield>
  </datafield>
  <datafield tag="100" ind1=" " ind2=" ">
    <subfield code="a">&#x41A;&#x440;&#x435;&#x43C;&#x43D;&#x435;&#x432; &#x411;.</subfield>
  </datafield>
  <datafield tag="245" ind1=" " ind2="0">
    <subfield code="a">&#x412;&#x43E;&#x43B;&#x44C;&#x444;&#x433;&#x430;&#x43D;&#x433; &#x410;&#x43C;&#x430;&#x434;&#x435;&#x439; &#x41C;&#x43E;&#x446;&#x430;&#x440;&#x442;</subfield>
  </datafield>
  <datafield tag="264" ind1=" " ind2=" ">
    <subfield code="a">&#x423;&#x43B;&#x430;&#x430;&#x43D;&#x431;&#x430;&#x430;&#x442;&#x430;&#x440;</subfield>
    <subfield code="b">&#x41C;&#x43E;&#x43D; &#x441;&#x443;&#x434;&#x430;&#x440; &#x445;&#x44D;&#x432;&#x43B;&#x44D;&#x43B;&#x438;&#x439;&#x43D; &#x433;&#x430;&#x437;&#x430;&#x440;</subfield>
    <subfield code="c">2004</subfield>
  </datafield>
  <datafield tag="300" ind1=" " ind2=" ">
    <subfield code="a">251 &#x445;.</subfield>
  </datafield>
  <datafield tag="336" ind1=" " ind2=" ">
    <subfield code="2">rdacontent</subfield>
    <subfield code="a">text</subfield>
    <subfield code="b">txt</subfield>
  </datafield>
  <datafield tag="337" ind1=" " ind2=" ">
    <subfield code="2">rdamedia</subfield>
    <subfield code="a">unmediated</subfield>
    <subfield code="b">n</subfield>
  </datafield>
  <datafield tag="338" ind1=" " ind2=" ">
    <subfield code="2">rdacarrier</subfield>
    <subfield code="a">volume</subfield>
    <subfield code="b">nc</subfield>
  </datafield>
  <datafield tag="650" ind1=" " ind2=" ">
    <subfield code="a">&#x412;&#x43E;&#x43B;&#x44C;&#x444;&#x433;&#x430;&#x43D;&#x433; &#x410;&#x43C;&#x430;&#x434;&#x435;&#x439; &#x41C;&#x43E;&#x446;&#x430;&#x440;&#x442;&#x44B;&#x43D; &#x430;&#x43C;&#x44C;&#x434;&#x440;&#x430;&#x43B;&#x44B;&#x43D; &#x442;&#x4AF;&#x4AF;&#x445;...  &#x41C;&#x43E;&#x446;&#x430;&#x440;&#x442;, &#x411;.&#x41A;&#x440;&#x435;&#x43C;&#x43D;&#x435;&#x432;, &#x41C;&#x43E;&#x446;&#x430;&#x440;&#x442;&#x44B;&#x43D; &#x442;&#x443;&#x445;&#x430;&#x439;, &#x41C;&#x43E;&#x446;&#x430;&#x440;&#x442;&#x44B;&#x43D; &#x43D;&#x430;&#x43C;&#x442;&#x430;&#x440; &#x442;&#x4AF;&#x4AF;&#x445;, 2004  ...</subfield>
  </datafield>
  <datafield tag="942" ind1=" " ind2=" ">
    <subfield code="2">NNA</subfield>
    <subfield code="c">BK</subfield>
  </datafield>
  <datafield tag="952" ind1=" " ind2=" ">
    <subfield code="0">0</subfield>
    <subfield code="1">0</subfield>
    <subfield code="4">0</subfield>
    <subfield code="6">840_&#x41A;_79</subfield>
    <subfield code="7">0</subfield>
    <subfield code="8">BUL013</subfield>
    <subfield code="a">BUL0163080</subfield>
    <subfield code="b">BUL0163080</subfield>
    <subfield code="c">BUL013</subfield>
    <subfield code="d">2024-06-09</subfield>
    <subfield code="g">4800.00</subfield>
    <subfield code="l">0</subfield>
    <subfield code="o">84.0  &#x41A; 79</subfield>
    <subfield code="p">BUL0121164-3-1</subfield>
    <subfield code="r">2024-06-09</subfield>
    <subfield code="t">10222</subfield>
    <subfield code="y">BK</subfield>
  </datafield>
  <datafield tag="952" ind1=" " ind2=" ">
    <subfield code="0">0</subfield>
    <subfield code="1">0</subfield>
    <subfield code="4">0</subfield>
    <subfield code="6">840_&#x41A;_79</subfield>
    <subfield code="7">0</subfield>
    <subfield code="8">BUL013</subfield>
    <subfield code="a">BUL0163080</subfield>
    <subfield code="b">BUL0163080</subfield>
    <subfield code="c">BUL013</subfield>
    <subfield code="d">2024-06-09</subfield>
    <subfield code="g">4800.00</subfield>
    <subfield code="l">0</subfield>
    <subfield code="o">84.0  &#x41A; 79</subfield>
    <subfield code="p">BUL0121164-3-2</subfield>
    <subfield code="r">2024-06-09</subfield>
    <subfield code="t">10223</subfield>
    <subfield code="y">BK</subfield>
  </datafield>
  <datafield tag="999" ind1=" " ind2=" ">
    <subfield code="c">858280</subfield>
    <subfield code="d">858337</subfield>
  </datafield>
</record>
